Proyecto de bases para un estatuto de funcionarios formulado por el Comité de Actuación, que con la Unión Nacional de Funcionarios Civiles ... : aprobado en Asamblea General celebrada en Madrid el dia 15 de junio de 1932 aprobado en Asamblea General celebrada en Madrid el dia 15 de junio de 1932

per Unión Nacional de Funcionarios Civiles

Descripció física: [7] p. ; 27 cm

MARC

LEADER 00000nam a2200000Ia 4500
001 12364
008 160829s9999 xx 000 0 cat d
080 |a RF-10-39 
100 |a Unión Nacional de Funcionarios Civiles  |9 38817 
245 |a Proyecto de bases para un estatuto de funcionarios formulado por el Comité de Actuación, que con la Unión Nacional de Funcionarios Civiles ... :  |b  aprobado en Asamblea General celebrada en Madrid el dia 15 de junio de 1932 
260 |a Madrid :  |b (Gráfica Mundial), [1932?] 
300 |a [7] p. ;  |c 27 cm 
650 |a Espanya  |x Funcionaris i empleats  |x Estatuts  |9 38818 
856 4 |u https://media.diba.cat/diba/fitxers/arxiu/fulletons/bib_12364_1932_baixa.pdf  |y Accés lliure 
856 4 |u https://media.diba.cat/diba/fitxers/arxiu/fulletons/bib_12364_1932_baixa.pdf  |y Accés lliure 
901 |a Arxiu 
942 |n 1  |2 udc 
952 |0 0  |1 0  |4 0  |6 RF1039  |7 1  |9 48621  |a Arxiu  |b Arxiu  |d 2016-12-01  |l 0  |o RF-10-39  |p 12364  |r 2016-12-01 00:00:00  |w 2016-12-01  |y ARXIU 
999 |c 52451  |d 52451 
900 |a bib_12364_1932_baixa.pdf